Catálogo - Centro de Recursos para el Aprendizaje y la Investigación

Volver al Sitio - CRAI Biblioteca

La Justicia en el mundo prehispánico / (Registro nro. 113978)

Detalles MARC
000 -CABECERA
campo de control de longitud fija 01252nam a2200289 4500
001 - NÚMERO DE CONTROL
campo de control 113978
003 - IDENTIFICADOR DEL NÚMERO DE CONTROL
campo de control DR-UNIBE
005 - FECHA Y HORA DE LA ÚLTIMA TRANSACCIÓN
campo de control 20260306062557.0
008 - DATOS DE LONGITUD FIJA--INFORMACIÓN GENERAL
campo de control de longitud fija 250730b2010 mx ||||| |||| 00| 0 spa d
020 ## - NÚMERO INTERNACIONAL ESTÁNDAR DEL LIBRO
Número Internacional Estándar del Libro 9786074681710
040 ## - FUENTE DE LA CATALOGACIÓN
Centro catalogador/agencia de origen BIBLIOTECA UNIBE
Centro/agencia transcriptor BIBLIOTECA UNIBE
Lengua de catalogación spa
Normas de descripción rda
041 ## - CÓDIGO DE LENGUA
Código de lengua del texto/banda sonora o título independiente spa
082 ## - NÚMERO DE LA CLASIFICACIÓN DECIMAL DEWEY
Número de edición 22
Número de clasificación 340.1 B867j
100 10 - ENTRADA PRINCIPAL--NOMBRE DE PERSONA
Nombre de persona Brokmann Haro, Carlos
9 (RLIN) 197994
Término indicativo de función/relación autor
245 13 - MENCIÓN DE TÍTULO
Título La Justicia en el mundo prehispánico /
Mención de responsabilidad, etc. Carlos Brokmann
250 ## - MENCIÓN DE EDICIÓN
Mención de edición Primera edición
260 ## - PUBLICACIÓN, DISTRIBUCIÓN, ETC.
Lugar de publicación, distribución, etc. México :
Nombre del editor, distribuidor, etc. Suprema Corte de Justicia de la Nación ,
Fecha de publicación, distribución, etc. 2010
300 ## - DESCRIPCIÓN FÍSICA
Extensión 272 páginas :
Dimensiones 13 x 10 cm
490 ## - MENCIÓN DE SERIE
Mención de serie Episodios y personajes del Poder Judicial de la Federación ;
Designación de volumen o secuencia 13
500 ## - NOTA GENERAL
Nota general Foto de portada: Plano de la ciudad de Tenochtitlán, rodeado de los glifos de emperadores aztecas, Códice Mendoza<br/>
505 ## - NOTA DE CONTENIDO CON FORMATO
Nota de contenido con formato Presentación |<br/>Preámbulo |<br/>I. El discurso jurídico |<br/>II. Los actores |<br/>III. La puesta en escena |<br/>Bibliografía
650 #7 - PUNTO DE ACCESO ADICIONAL DE MATERIA--TÉRMINO DE MATERIA
Fuente del encabezamiento o término lemb
Término de materia o nombre geográfico como elemento de entrada Derecho prehispánico
Subdivisión geográfica México
9 (RLIN) 202977
650 #7 - PUNTO DE ACCESO ADICIONAL DE MATERIA--TÉRMINO DE MATERIA
Fuente del encabezamiento o término lemb
Término de materia o nombre geográfico como elemento de entrada Administración de justicia
Subdivisión general Historia
Subdivisión geográfica México
9 (RLIN) 202978
650 #7 - PUNTO DE ACCESO ADICIONAL DE MATERIA--TÉRMINO DE MATERIA
Fuente del encabezamiento o término lemb
Término de materia o nombre geográfico como elemento de entrada Tribunales prehispánicos
Subdivisión geográfica México
9 (RLIN) 202979
700 #0 - PUNTO DE ACCESO ADICIONAL--NOMBRE DE PERSONA
Nombre de persona Valls Hernández, Sergio Armando,
Fechas asociadas al nombre 1941-
Término indicativo de función/relación presentador
9 (RLIN) 194223
942 ## - ELEMENTOS DE PUNTO DE ACCESO ADICIONAL (KOHA)
Fuente del sistema de clasificación o colocación Sistema de Clasificación Decimal Dewey
Tipo de ítem Koha Libro (general)
Existencias
Estado de retiro Estado de pérdida Fuente del sistema de clasificación o colocación No para préstamo Código de colección Localización permanente Fecha de adquisición Total de préstamos Signatura topográfica completa Código de barras Fecha visto por última vez Número de copia Precio válido a partir de Tipo de ítem Koha
  Disponible Sistema de Clasificación Decimal Dewey   General Biblioteca Central UNIBE 10/06/2025   340.1 B867j 250929 30/07/2025 Ej. 1 30/07/2025 Libro (general)